| 000 | 00573nam a22001457a 4500 | ||
|---|---|---|---|
| 020 | _a0-19-916915-2 | ||
| 082 |
_a823 _bSHI/U |
||
| 100 | _aSHIPTON, PAUL | ||
| 245 | _aTHE ULTIMATE TRAINERS | ||
| 260 |
_aNEWYORK _bOXFORD UNIVERSITY PRESS _c1996 |
||
| 300 | _a56 | ||
| 520 | _aThere is a boy called Jake and he gets a pair of gleaming new trainers. One day he went outside and started to run with his new trainers. He sprinted all the way and ran so fast. The next day he wen to school in his new trainers and met some of his friends. | ||
| 650 | _aSHORT STORY | ||
| 942 | _cBK | ||
| 999 |
_c6620 _d6620 |
||